000 00784cam a2200241 4500
008 090401t1975 xxu||||| |||| 00| 0 eng d
020 _a0728200155
035 _a(Sirsi) u18541
041 _aeng
050 _a347.41067
100 _aWatson, John Arthur Fergus
245 _aNothing but the truth: expert evidence in principle and practice for surveyors, valuers and others, with a foreword by Lord Widgery
250 _a2nd
260 _aLondon
_bEstates Gazette
_c1975
300 _axvi. 126p. 23cm
350 _a2.5
520 _aPrevious ed. 1971. - Index
650 _aMANAGEMENT-DISPUTE AVOIDANCE, MANAGEMENT AND RESOLUTION-DISPUTE MANAGEMENT AND RESOLUTION-ADVOCACY
650 _aEVIDENCE
650 _aPROOFS OF EVIDENCE
942 _n0
948 _c04/03/1997
999 _c87602
_d87602